Statistiques concernant Harry Potter: la Peinture de Harry par Dobby

Cliquez ici pour prendre le quiz!

Statistiques générales

  • Ce quiz a été pris 29 fois
  • Le résultat moyen est 4 sur 5

Statistiques - réponses

InformationRéponses% Correct
PossesseurHarry Potter
100%
CréateurDobby
93%
Première apparitionHarry Potter et l’Ordre du Phénix
85%
Dernière apparitionHarry Potter et l’Ordre du Phénix
85%
Année de fabrication1995
70%

Distribution des résultats

Percentile par nombre de réponses

% des personnes avec chaque résultat

Votre développement - résultats

Vous n’avez pas pris ce quiz